| 000 | 00725nam a2200277Ia 4500 | ||
|---|---|---|---|
| 005 | 20250425162133.0 | ||
| 008 | 250425s9999 xx 000 0 und d | ||
| 020 | _a8471147823 | ||
| 041 | _aspa | ||
| 082 | _a632.9 | ||
| 100 | _aBARBAGALLO, SEBASTIANO | ||
| 245 | 0 | _aPULGONES DE LOS PRINCIPALES CULTIVOS FRUTALES | |
| 250 | _a1A ED. | ||
| 260 |
_aItalia _bBAYER _c1998 |
||
| 260 | _aS.L. | ||
| 300 | _a117 | ||
| 500 | _aEN CIBGZ.FIMCP 50281 PARA ING. AGROP. Y TECN. AGRICOLA. | ||
| 650 | _aENTOMOLOGIA | ||
| 650 | _aINSECTOS | ||
| 650 | _aPLAGAS FORESTALES | ||
| 650 | _aPULGONES-PARASITOS DE LAS PLANTAS | ||
| 700 | _aCRAVEDI, PIERO | ||
| 700 | _aPASQUALINI, EDISON | ||
| 942 | _c01 | ||
| 010 | _a52374 | ||
| 999 |
_c223072 _d223072 |
||